जीवन्त व्यक्तित्व पाना/ (Record no. 203476)
[ view plain ]
| 000 -LEADER | |
|---|---|
| fixed length control field | 00866nam a22002057a 4500 |
| 005 - DATE AND TIME OF LATEST TRANSACTION | |
| control field | 20240719124633.0 |
| 010 ## - LCCN (DPL NO) | |
| LC control number | HIN-127787 |
| 020 ## - INTERNATIONAL STANDARD BOOK NUMBER | |
| Terms of availability | 1000.00 |
| International Standard Book Number | 978-93-94928-96-1 |
| 035 ## - SYSTEM CONTROL NUMBER | |
| System control number | HN-100133 |
| 037 ## - SOURCE OF ACQUISITION | |
| Source of stock number/acquisition | DBAD |
| 082 ## - DEWEY DECIMAL CLASSIFICATION NUMBER | |
| Classification number | 158.1 |
| Edition number | 1 |
| 100 ## - MAIN ENTRY--PERSONAL NAME | |
| Personal name | श्रीचन्दानी, सुरेश कुमार |
| 245 ## - TITLE STATEMENT | |
| Title | जीवन्त व्यक्तित्व पाना/ |
| 250 ## - EDITION STATEMENT | |
| Edition statement | 1 |
| 260 ## - PUBLICATION, DISTRIBUTION, ETC. (IMPRINT) | |
| Place of publication, distribution, etc | जयपुर |
| Name of publisher, distributor, etc | कमलदीप प्रिन्टर्स |
| 270 ## - ADDRESS | |
| Address | एस-5, सरदार पटेल मार्ग |
| City | जयपुर, 302001 |
| 300 ## - PHYSICAL DESCRIPTION | |
| Extent | 107 प्. |
| Dimensions | 22 से.मी. (अजिल्द). |
| 500 ## - GENERAL NOTE | |
| General note | यहे किताब जीवनशेली के बारे में बताती हैं |
| 942 ## - ADDED ENTRY ELEMENTS (KOHA) | |
| Source of classification or shelving scheme | Dewey Decimal Classification |
| Item type | Hindi Books |
| Classification part | 158.1 |
| Call number suffix | श्रीचसु |
| Edition | 1 |
| Withdrawn status | Lost status | Not for loan | Collection code | Home library | Current library | Date acquired | Cost, normal purchase price | Full call number | Barcode | Copy number | Cost, replacement price | Koha item type |
|---|---|---|---|---|---|---|---|---|---|---|---|---|
| Non-fiction | Sarojini Nagar | Sarojini Nagar | 03/06/2024 | 1000.00 | 158.1 श्रीचसु | HN- 100133 | 1 | 1000.00 | Hindi Books |
